| 000 | 01709nam a22002657a 4500 | ||
|---|---|---|---|
| 001 | 50312 | ||
| 003 | UA-OsUOA | ||
| 005 | 20210114223253.0 | ||
| 007 | ta | ||
| 008 | 20071115b un ||||| |||| 00| 0 ukr d | ||
| 020 | _a966-518-293-5 | ||
| 040 |
_aUA-OsUOA _bukr _cUA-OsUOA _dUA-OsUOA |
||
| 041 | _aukr | ||
| 080 | _a(038)(330)161.2/111 | ||
| 090 |
_a(038)(330)161.2/111 _bШ61 |
||
| 100 | _aШимків А. | ||
| 245 | _aАнгло-український тлумачний словник економічної лексики | ||
| 260 |
_aК. _bКМА _c2004 |
||
| 300 | _a429 с. | ||
| 520 | _aСловник містить поняття і терміни, які застосовуються у провідних галузях економічної діяльності, найуживаніші словосполучення з ними та їх українські відповідники. Визначення термінів відображають їх міжнародне розуміння підкріплюються інформацією про практичнезастосування у світі. У словнику зафіксовано синонімічний, антонімічний, гіпонімічний звязок між термінами, розкрито їх етимологію. Для студентів і аспірантів економічних спеціальностей, викладачів, перекладачів та усіх, хто причетний до економічної діяльності. | ||
| 650 | 7 | _2UDC | |
| 942 |
_cBK _2udc |
||
| 955 | _a2 | ||
| 999 |
_c336413 _d336413 |
||